<?xml version="1.0" encoding="UTF-8"?>
<record
    xmlns:xsi="http://www.w3.org/2001/XMLSchema-instance"
    xsi:schemaLocation="http://www.loc.gov/MARC21/slim http://www.loc.gov/standards/marcxml/schema/MARC21slim.xsd"
    xmlns="http://www.loc.gov/MARC21/slim">

  <leader>00706na  a2200253   4500</leader>
  <controlfield tag="001">14070</controlfield>
  <controlfield tag="003">MIRAKIL</controlfield>
  <controlfield tag="005">20181213155249.0</controlfield>
  <controlfield tag="008">161031b        tu            000 0      </controlfield>
  <datafield tag="020" ind1=" " ind2=" ">
    <subfield code="a">978975778552-0</subfield>
  </datafield>
  <datafield tag="035" ind1=" " ind2=" ">
    <subfield code="a">14070</subfield>
  </datafield>
  <datafield tag="040" ind1=" " ind2=" ">
    <subfield code="a">Milas</subfield>
    <subfield code="b">tur</subfield>
    <subfield code="c">TR-AnCHP</subfield>
  </datafield>
  <datafield tag="041" ind1=" " ind2=" ">
    <subfield code="a">tur</subfield>
  </datafield>
  <datafield tag="082" ind1=" " ind2=" ">
    <subfield code="a">812.42</subfield>
    <subfield code="b">C91g [t.y.]</subfield>
  </datafield>
  <datafield tag="090" ind1=" " ind2=" ">
    <subfield code="a">812.42 C91g [t.y.]</subfield>
  </datafield>
  <datafield tag="100" ind1=" " ind2=" ">
    <subfield code="a">C&#xFC;ceno&#x11F;lu, Tuncer</subfield>
    <subfield code="d">1944 -</subfield>
  </datafield>
  <datafield tag="245" ind1=" " ind2=" ">
    <subfield code="a">Gece kul&#xFC;b&#xFC;</subfield>
    <subfield code="b">(oyun, 2 b&#xF6;l&#xFC;m)</subfield>
    <subfield code="c">Tuncer C&#xFC;ceno&#x11F;lu</subfield>
  </datafield>
  <datafield tag="260" ind1=" " ind2=" ">
    <subfield code="a">&#x130;stanbul</subfield>
    <subfield code="b">Mitos-Boyut Yay&#x131;nlar&#x131;</subfield>
    <subfield code="c">[t. y.]</subfield>
  </datafield>
  <datafield tag="300" ind1=" " ind2=" ">
    <subfield code="a">104 s.</subfield>
    <subfield code="c">19 sm.</subfield>
  </datafield>
  <datafield tag="490" ind1=" " ind2=" ">
    <subfield code="a">Oyun dizisi</subfield>
    <subfield code="v">364</subfield>
  </datafield>
  <datafield tag="650" ind1=" " ind2=" ">
    <subfield code="a">T&#xFC;rk edebiyat&#x131;</subfield>
    <subfield code="x">Tiyatro</subfield>
  </datafield>
  <datafield tag="650" ind1=" " ind2=" ">
    <subfield code="a">12 Eyl&#xFC;l 1980</subfield>
    <subfield code="x">T&#xFC;rk tiyatrosu</subfield>
  </datafield>
  <datafield tag="942" ind1=" " ind2=" ">
    <subfield code="2">ddc</subfield>
    <subfield code="c">BKS</subfield>
  </datafield>
  <datafield tag="952" ind1=" " ind2=" ">
    <subfield code="a">0001</subfield>
    <subfield code="b">0001</subfield>
    <subfield code="d">2016-08-23</subfield>
    <subfield code="e">2</subfield>
    <subfield code="l">0</subfield>
    <subfield code="o">812.42 C91g [t.y.]</subfield>
    <subfield code="p">002005</subfield>
    <subfield code="r">2016-08-23 00:00:00</subfield>
    <subfield code="v">0.00</subfield>
    <subfield code="w">2016-08-23</subfield>
    <subfield code="y">BKS</subfield>
  </datafield>
  <datafield tag="999" ind1=" " ind2=" ">
    <subfield code="c">9524</subfield>
    <subfield code="d">9524</subfield>
  </datafield>
</record>
